Omosessualità : una proposta etica /

-д хадгалсан:
Номзүйн дэлгэрэнгүй
Үндсэн зохиолч: Piana, Giannino (Зохиогч)
Формат: Ном
Хэл сонгох:итали
Хэвлэсэн: Assisi : Cittadella, 2010
Цуврал:L'etica e i giorni
Шошгууд: Шошго нэмэх
Шошго байхгүй, Энэхүү баримтыг шошголох эхний хүн болох!

MARC

LEADER 00000nam a22000007i 4500
001 IT\ICCU\TO0\1811954
003 ItRI
005 20260115232055.0
008 110517s2010 it |||||| ||||| |||||c
020 |a 9788830811034 
040 |b ita  |c importazione bologna sebina 
041 7 |a ita  |2 ISO-639-2 
100 1 |a Piana, Giannino  |0 IT\ICCU\CFIV\044989  |4 aut 
245 1 0 |a Omosessualità :  |b una proposta etica /  |c Giannino Piana. 
260 |a Assisi :  |b Cittadella,  |c 2010 
300 |a 112 p. ;  |c 19 cm. 
830 2 |a L'etica e i giorni  |0 IT\ICCU\LO1\1266763 
942 |2 ddc  |c BK  |n 0 
952 |0 0  |1 0  |4 0  |6 DOC_261_835000000000000_PIA  |7 0  |9 19561  |a BO  |b BO  |d 2026-01-15  |i 20214  |l 0  |o DOC 261.835 PIA  |p BO20214  |r 2026-01-15 23:20:55  |w 2026-01-15  |x [Sebina 5] [1 v.]  |y BK  |z 1 v. 
999 |c 16666  |d 16666